Eminem-Rapper Quiz - Statistics

General Stats
  • This quiz has been taken 40 times
  • The average score is 15 of 20
Answer Stats
Hint Answer % Correct
Eminem's real name, which appears in 2 of his album names Marshall Mathers
97%
Eminem's Movie 8 Mile
95%
Iconic Rapper who discovered Eminem Dr. Dre
95%
His daughter, who started a podcast called "Just a Little Shady" Hailie
92%
Eminem's nickname, that appears in one of his album names. Slim Shady
92%
2004 Album with "Mockingbird" Encore
89%
But known for his music from which U.S. City? Detroit
86%
2010 Album featuring Lil Wayne, Pink, and Rihanna Recovery
84%
Eminem's 2009 Album with most of the work having Dr.Dre as a producer Relapse
78%
Eminem's final album with features from JID and Big Sean The Death of Slim Shady
78%
2020 Album with "Godzilla" (ft. Juice World) Music to Be Murdered By
76%
Which British male singer is Eminem surprisingly close friendswith? Elton John
70%
Eminem's debut studio album, released in 1996 Infinite
70%
2018 Album featuring Royce Da 5'9", Joyner Lucas, andJessie Reyez Kamikaze
70%
Restaurant which Em opened in 2021 based off of 'LoseYourself' Lyrics, which even appeared in Fortnite in 2024. Mom's Spaghetti
70%
2017 Album featuring Ed Sheeran, Alicia Keys, andBeyoncé Revival
70%
Famous song starting with "Tea's gone cold, I'm wondering why" Stan
70%
"Uh, summa-lumma, dooma-lumma, you assumin' __ _ _____" I'm a human
54%
He was born in which U.S. State? Missouri
35%
Who complained to Steve Harvey's radio channel in 2004 for showing an Eminem music video depicting child molestation and plastic surgery? Michael Jackson
30%
No matching quizzes found
Score Distribution
Percent of People with Each Score
Percentile by Number Answered
Your Score History
You have not taken this quiz